<?xml version="1.0" encoding="UTF-8"?>
<marc:record xmlns:marc="http://www.loc.gov/MARC21/slim">
   <marc:leader>00000nam a2200000 a 4500</marc:leader>
   <marc:datafield ind1="1" ind2=" " tag="100">
      <marc:subfield code="a">Moyes, Jojo</marc:subfield>
      <marc:subfield code="4">aut</marc:subfield>
      <marc:subfield code="e">Verfasser/-in</marc:subfield>
   </marc:datafield>
   <marc:datafield ind1=" " ind2=" " tag="653">
      <marc:subfield code="a">Familienroman</marc:subfield>
   </marc:datafield>
   <marc:datafield ind1="0" ind2="0" tag="245">
      <marc:subfield code="a">Zwischen Ende und Anfang</marc:subfield>
   </marc:datafield>
   <marc:datafield ind1="0" ind2="0" tag="245">
      <marc:subfield code="b">Roman</marc:subfield>
   </marc:datafield>
   <marc:datafield ind1=" " ind2="1" tag="264">
      <marc:subfield code="b">Rowohlt </marc:subfield>
      <marc:subfield code="c">2026</marc:subfield>
   </marc:datafield>
   <marc:datafield ind1="1" ind2=" " tag="520">
      <marc:subfield code="a">Willkommen bei den Kennedys, einer ganz normalen Familie: Lila hat gerade einen Beziehungsratgeber geschrieben, als sie herauszufindet, dass ihr Mann bei einer anderen Frau sein Familienglück sucht. Bill, ihr Stiefvater, ist anscheinend klammheimlich bei ihr eingezogen. Celie, Lilas Älteste, hasst die Schule. Sie hasst sie so sehr, dass sie aufgehört hat hinzugehen. Ihre Mutter hat davon leider keine Ahnung. Violet ist neun und singt altersunangemessene Rap-Songs, lacht über Furzwitze, und Lila hofft inständig, dass sie sich niemals, niemals ändern wird. Als dann auch noch Gene auftaucht - Lilas entfremdeter Vater, und ganz und gar nicht das, was man ein gutes Vorbild nennt -, ist das Chaos perfekt. Doch manchmal bringen einem gerade die Menschen, die einen am meisten in den Wahnsinn treiben, bei, was es bedeutet, eine Familie zu sein .</marc:subfield>
   </marc:datafield>
   <marc:datafield ind1=" " ind2=" " tag="020">
      <marc:subfield code="a">9783499014444</marc:subfield>
      <marc:subfield code="9">9783499014444</marc:subfield>
   </marc:datafield>
</marc:record>
